000
00301nam a22001337a 4500
008
170529b xxu||||| |||| 00| 0 eng d
020
_a
9780763774394
041
_a
eng
080
_a
615
100
_a
05
101
_a
SHM
245
_a
TARASCON POCKET PHARMACOPEIA
_c
HAMILTON, R.J
942
_2
udc
_c
BK
999
_c
14979
_d
14979